000 00798cam a22002532 4500
001 0000005388
005 20151217161135.0
008 070612s xx 000 0 eng d
020 _a185109301X :
_cKES 1,500
040 _aKABU
_cKABU
050 0 _aZ1097
_b.C36D45
100 1 _aDelancey, Mark W.
_@0000156682
245 1 0 _aCameroon /
_cMark W. Delancey, Mark D. Delancey, compilers.
250 _arev. ed.
260 _aOxford :
_bCLIO Press,
_c1999.
300 _axxvi, 207 p.
440 0 _aWorld bibliographical series
_vvol. 63 ;
_@0000156683
651 0 _aCameroon
_xBibliography.
_@0000156684
700 1 _aDelancey, Mark W.
_@0000156682
700 1 _aDelancey, Mark D.
_@0000156685
908 _a070612
950 _@1
999 _c14990
_d14990